000 00538nam a22001577a 4500
020 _a9789694741727
082 _a923.2054
_bUSM
100 _aUsmani,Sabir Irshad
245 _aMaulana Muhammad Ali Johar( Hayat-o-Khidmat)
_bSabir ,Irshad Usmani
260 _aاسلام آباد:
_bمقتدرہ قومی زبان,
_c2007
300 _a964p.
563 _aHB
880 _6100-01\(3\r
_aصابر ارشاد عثمانی
880 _6245-02\(3\r
_a(مولانا محمد علی جوہر( حیات و خدمت
942 _2ddc
_cBK
999 _c614145
_d614145